00413nam a2200157Ia 45000010006000000050017000060080041000230410008000640820015000721000038000872450077001252600009002023000028002116500008002396540008002471548720260306170200.0260306t2014||||xx |||||||||||||| ||und|| aESP a541.3bE89 aEspósito, María GracielaeAUT 0aFisicoquímica II:bmateria, electricidad y magnetismo fuerzas y campos c2014 a191 páginas :c27 cm. aGEN aCCN